LEADER 00670nam a2200169 i 4500 001 000000230355 003 CaOOAMICUS 005 20140605000000.0 008 140605s1847 it u000 u lat u 013 $a209257 040 $aSeMil$bita 245 10$aComplectens commentaria in Ecclesiasticum. 2. 300 $aP. 601-1179. 773 0 $tR. P. C. Cornelii a Lapide ... Commentarii in Sacram Scripturam.$bEditio recens.$dMelitae : Apud Tonna, Banchi & soc., 1843.$g5$w()30033 850 $aSeMil 852 $aSeMil$W1$xVenegono$y1$m2V V 69 FA$j180701$B180701$CSeMilBibl$Z2$F191637 $8I 996 $6245$aComplectens commentaria in Ecclesiasticum. 2$9(OLS)http://semarc/title/329134 LEADER 00919nam a2200229 i 4500 001 000000101160 003 CaOOAMICUS 005 20170427000000.0 008 170427s1973 it u000 u ita u 013 $a73312 040 $aSeMil$bita 100 1 $aSchiwy, Günther,$d<1932-2008>.$0(OLS)http://semarc/name/17863 240 10$aNeue Aspekte des Strukturalismus.$0(OLS)http://semarc/title/406826 245 10$aNuovi aspetti dello strutturalismo /$cGunther Schiwy. 260 $aRoma :$bCittà Nuova,$ccopyr. 1973. 300 $a231 p. ;$c21 cm. 650 4$aStrutturalismo.$0(OLS)http://semarc/subject/1943 850 $aSeMil 852 $aSeMil$W1$xVenegono$y1$m2P VII 157$j58090$B58090$CSeMilBibl$Z2$F68671 $81 961 $aRecupero: Seminario di Seveso 996 $6245$aNuovi aspetti dello strutturalismo$9(OLS)http://semarc/title/406825 996 $6260$aRoma :$bCittà Nuova$9(OLS)http://semarc/publisher/29609